<?xml version="1.0" encoding="UTF-8"?>
<record
    xmlns:xsi="http://www.w3.org/2001/XMLSchema-instance"
    xsi:schemaLocation="http://www.loc.gov/MARC21/slim http://www.loc.gov/standards/marcxml/schema/MARC21slim.xsd"
    xmlns="http://www.loc.gov/MARC21/slim">

  <leader>02171nam2a22004211  4500</leader>
  <controlfield tag="001">v19\rc\1656165</controlfield>
  <controlfield tag="005">20260405164732.0</controlfield>
  <datafield tag="035" ind1=" " ind2=" ">
    <subfield code="a">(NLR Aleph) 005229556</subfield>
  </datafield>
  <datafield tag="090" ind1=" " ind2=" ">
    <subfield code="a">5590568</subfield>
    <subfield code="c">5590568</subfield>
  </datafield>
  <datafield tag="100" ind1=" " ind2=" ">
    <subfield code="a">20061002d1890    m  y0rusy50      ca</subfield>
  </datafield>
  <datafield tag="101" ind1="0" ind2=" ">
    <subfield code="a">rus</subfield>
  </datafield>
  <datafield tag="102" ind1=" " ind2=" ">
    <subfield code="a">RU</subfield>
  </datafield>
  <datafield tag="105" ind1=" " ind2=" ">
    <subfield code="a">ch z |||cb</subfield>
  </datafield>
  <datafield tag="200" ind1="1" ind2=" ">
    <subfield code="a">&#x41F;&#x43E;&#x448;&#x435;&#x445;&#x43E;&#x43D;&#x441;&#x43A;&#x430;&#x44F; &#x441;&#x442;&#x430;&#x440;&#x438;&#x43D;&#x430;</subfield>
    <subfield code="e">c &#x43F;&#x43E;&#x440;&#x442;&#x440;&#x435;&#x442;&#x43E;&#x43C; &#x430;&#x432;&#x442;&#x43E;&#x440;&#x430; &#x438; &#x435;&#x433;&#x43E; &#x444;&#x430;&#x43A;&#x441;&#x438;&#x43C;&#x438;&#x43B;&#x435;</subfield>
  </datafield>
  <datafield tag="210" ind1=" " ind2=" ">
    <subfield code="d">1890</subfield>
  </datafield>
  <datafield tag="215" ind1=" " ind2=" ">
    <subfield code="a">XCII, 397 &#x441;., 2 &#x43B;. &#x444;&#x440;&#x43E;&#x43D;&#x442;. (&#x43F;&#x43E;&#x440;&#x442;&#x440;., &#x444;&#x430;&#x43A;&#x441;.)</subfield>
  </datafield>
  <datafield tag="423" ind1=" " ind2="0">
    <subfield code="1">1010#$arus</subfield>
    <subfield code="1">2001#$a&#x41C;&#x430;&#x442;&#x435;&#x440;&#x438;&#x430;&#x43B;&#x44B; &#x434;&#x43B;&#x44F; &#x431;&#x438;&#x43E;&#x433;&#x440;&#x430;&#x444;&#x438;&#x438; &#x41C;.&#x415;. &#x421;&#x430;&#x43B;&#x442;&#x44B;&#x43A;&#x43E;&#x432;&#x430;$f&#x41A;.&#x41A;. &#x410;&#x440;&#x441;&#x435;&#x43D;&#x44C;&#x435;&#x432;</subfield>
    <subfield code="1">53212$a&#x41C;&#x430;&#x442;&#x435;&#x440;&#x438;&#x430;&#x43B;&#x44B; &#x434;&#x43B;&#x44F; &#x431;&#x438;&#x43E;&#x433;&#x440;&#x430;&#x444;&#x438;&#x438; &#x41C;&#x438;&#x445;&#x430;&#x438;&#x43B;&#x430; &#x415;&#x432;&#x433;&#x440;&#x430;&#x444;&#x43E;&#x432;&#x438;&#x447;&#x430; &#x421;&#x430;&#x43B;&#x442;&#x44B;&#x43A;&#x43E;&#x432;&#x430;$zrus</subfield>
    <subfield code="1">700#1$3RU\NLR\AUTH\7770656$7ca$a&#x410;&#x440;&#x441;&#x435;&#x43D;&#x44C;&#x435;&#x432;$b&#x41A;. &#x41A;.$f1837-1919$g&#x41A;&#x43E;&#x43D;&#x441;&#x442;&#x430;&#x43D;&#x442;&#x438;&#x43D; &#x41A;&#x43E;&#x43D;&#x441;&#x442;&#x430;&#x43D;&#x442;&#x438;&#x43D;&#x43E;&#x432;&#x438;&#x447;</subfield>
    <subfield code="t">&#x41C;&#x430;&#x442;&#x435;&#x440;&#x438;&#x430;&#x43B;&#x44B; &#x434;&#x43B;&#x44F; &#x431;&#x438;&#x43E;&#x433;&#x440;&#x430;&#x444;&#x438;&#x438; &#x41C;.&#x415;. &#x421;&#x430;&#x43B;&#x442;&#x44B;&#x43A;&#x43E;&#x432;&#x430;</subfield>
    <subfield code="a">&#x410;&#x440;&#x441;&#x435;&#x43D;&#x44C;&#x435;&#x432;, &#x41A;&#x43E;&#x43D;&#x441;&#x442;&#x430;&#x43D;&#x442;&#x438;&#x43D; &#x41A;&#x43E;&#x43D;&#x441;&#x442;&#x430;&#x43D;&#x442;&#x438;&#x43D;&#x43E;&#x432;&#x438;&#x447; (1837-1919)</subfield>
  </datafield>
  <datafield tag="461" ind1=" " ind2="0">
    <subfield code="1">001v19\rc\1656156</subfield>
    <subfield code="1">2001#$a&#x421;&#x43E;&#x447;&#x438;&#x43D;&#x435;&#x43D;&#x438;&#x44F; &#x41C;.&#x415;. &#x421;&#x430;&#x43B;&#x442;&#x44B;&#x43A;&#x43E;&#x432;&#x430; (&#x41D;. &#x429;&#x435;&#x434;&#x440;&#x438;&#x43D;&#x430;)$v&#x422;. 9</subfield>
    <subfield code="9">5590560</subfield>
    <subfield code="a">&#x421;&#x430;&#x43B;&#x442;&#x44B;&#x43A;&#x43E;&#x432;-&#x429;&#x435;&#x434;&#x440;&#x438;&#x43D;, &#x41C;. &#x415;. (1826-1889)</subfield>
    <subfield code="c">&#x421;.-&#x41F;&#x435;&#x442;&#x435;&#x440;&#x431;&#x443;&#x440;&#x433;</subfield>
    <subfield code="d">1889-1890</subfield>
    <subfield code="n">&#x438;&#x437;&#x434;&#x430;&#x43D;&#x438;&#x435; &#x430;&#x432;&#x442;&#x43E;&#x440;&#x430;</subfield>
    <subfield code="p">9 &#x442;.</subfield>
    <subfield code="t">&#x421;&#x43E;&#x447;&#x438;&#x43D;&#x435;&#x43D;&#x438;&#x44F; &#x41C;.&#x415;. &#x421;&#x430;&#x43B;&#x442;&#x44B;&#x43A;&#x43E;&#x432;&#x430; (&#x41D;. &#x429;&#x435;&#x434;&#x440;&#x438;&#x43D;&#x430;)</subfield>
    <subfield code="v">&#x422;. 9</subfield>
  </datafield>
  <datafield tag="532" ind1="1" ind2="0">
    <subfield code="a">&#x41C;&#x430;&#x442;&#x435;&#x440;&#x438;&#x430;&#x43B;&#x44B; &#x434;&#x43B;&#x44F; &#x431;&#x438;&#x43E;&#x433;&#x440;&#x430;&#x444;&#x438;&#x438; &#x41C;&#x438;&#x445;&#x430;&#x438;&#x43B;&#x430; &#x415;&#x432;&#x433;&#x440;&#x430;&#x444;&#x43E;&#x432;&#x438;&#x447;&#x430; &#x421;&#x430;&#x43B;&#x442;&#x44B;&#x43A;&#x43E;&#x432;&#x430;</subfield>
  </datafield>
  <datafield tag="700" ind1=" " ind2="1">
    <subfield code="8">rus</subfield>
    <subfield code="7">ca</subfield>
    <subfield code="a">&#x410;&#x440;&#x441;&#x435;&#x43D;&#x44C;&#x435;&#x432;</subfield>
    <subfield code="b">&#x41A;. &#x41A;.</subfield>
    <subfield code="f">1837-1919</subfield>
    <subfield code="g">&#x41A;&#x43E;&#x43D;&#x441;&#x442;&#x430;&#x43D;&#x442;&#x438;&#x43D; &#x41A;&#x43E;&#x43D;&#x441;&#x442;&#x430;&#x43D;&#x442;&#x438;&#x43D;&#x43E;&#x432;&#x438;&#x447;</subfield>
    <subfield code="3">RU\NLR\AUTH\7770656</subfield>
    <subfield code="9">53584</subfield>
  </datafield>
  <datafield tag="801" ind1=" " ind2="0">
    <subfield code="a">RU</subfield>
    <subfield code="b">NLR</subfield>
    <subfield code="g">psbo</subfield>
  </datafield>
  <datafield tag="801" ind1=" " ind2="0">
    <subfield code="a">RU</subfield>
    <subfield code="b">RuMoRGB</subfield>
    <subfield code="2">psbo</subfield>
  </datafield>
  <datafield tag="801" ind1=" " ind2="1">
    <subfield code="a">RU</subfield>
    <subfield code="b">ProSoft-M</subfield>
    <subfield code="2">rusmarc</subfield>
  </datafield>
  <datafield tag="801" ind1=" " ind2="2">
    <subfield code="a">RU</subfield>
    <subfield code="b">NLR</subfield>
    <subfield code="c">20070604</subfield>
    <subfield code="2">rusmarc</subfield>
  </datafield>
  <datafield tag="852" ind1=" " ind2=" ">
    <subfield code="a">NLR</subfield>
    <subfield code="j">18.274.3.15 (9)</subfield>
  </datafield>
  <datafield tag="852" ind1=" " ind2=" ">
    <subfield code="a">NLR</subfield>
    <subfield code="j">132/3814 (9)</subfield>
  </datafield>
  <datafield tag="899" ind1=" " ind2=" ">
    <subfield code="a">RuMoRGB</subfield>
    <subfield code="j">U 235/42</subfield>
  </datafield>
  <datafield tag="899" ind1=" " ind2=" ">
    <subfield code="a">RuMoRGB</subfield>
    <subfield code="j">&#x41C;&#x41A;</subfield>
  </datafield>
  <datafield tag="899" ind1=" " ind2=" ">
    <subfield code="a">RuMoRGB</subfield>
    <subfield code="j">&#x424; 10-82/1254</subfield>
  </datafield>
  <datafield tag="899" ind1=" " ind2=" ">
    <subfield code="a">RuMoRGB</subfield>
    <subfield code="j">&#x424; 10-82/1251</subfield>
  </datafield>
  <datafield tag="899" ind1=" " ind2=" ">
    <subfield code="a">RuMoRGB</subfield>
    <subfield code="j">&#x424; 10-82/1252</subfield>
  </datafield>
  <datafield tag="899" ind1=" " ind2=" ">
    <subfield code="a">RuMoRGB</subfield>
    <subfield code="j">&#x424; 10-82/1253</subfield>
  </datafield>
  <datafield tag="899" ind1=" " ind2=" ">
    <subfield code="a">&#x411;&#x410;&#x41D;</subfield>
  </datafield>
  <datafield tag="899" ind1=" " ind2=" ">
    <subfield code="a">&#x41D;&#x411; &#x421;&#x41F;&#x431;&#x413;&#x423;</subfield>
  </datafield>
  <datafield tag="899" ind1=" " ind2=" ">
    <subfield code="a">&#x41D;&#x411; &#x41C;&#x413;&#x423;</subfield>
  </datafield>
  <datafield tag="942" ind1=" " ind2=" ">
    <subfield code="c">BOOK</subfield>
  </datafield>
  <datafield tag="980" ind1=" " ind2=" ">
    <subfield code="a">NB</subfield>
  </datafield>
  <datafield tag="995" ind1=" " ind2=" ">
    <subfield code="5">2013-10-26</subfield>
    <subfield code="b">NLR02</subfield>
    <subfield code="c">NLR02</subfield>
    <subfield code="e">RFS</subfield>
    <subfield code="f">5229556-10</subfield>
    <subfield code="k">18.274.3.15</subfield>
    <subfield code="o">0</subfield>
    <subfield code="r">BOOK</subfield>
    <subfield code="s">18274315_</subfield>
  </datafield>
  <datafield tag="995" ind1=" " ind2=" ">
    <subfield code="5">2013-10-26</subfield>
    <subfield code="b">NLR02</subfield>
    <subfield code="c">NLR02</subfield>
    <subfield code="e">RFS</subfield>
    <subfield code="f">5229556-20</subfield>
    <subfield code="k">132/3814</subfield>
    <subfield code="o">0</subfield>
    <subfield code="r">BOOK</subfield>
    <subfield code="s">1323814_</subfield>
  </datafield>
</record>
